[Event "VEN-ch U14 3rd"]
[Site "San Antonio"]
[Date "2016.04.03"]
[Round "5.7"]
[White "Pastran Gonzalez, Angel Enrique"]
[Black "Suarez Sierralta, Jesus Raul"]
[Result "1-0"]
[WhiteElo "1605"]
[BlackElo "1696"]
[PlyCount "44"]
[EventDate "2016.04.01"]
[EventType "swiss"]
[EventRounds "7"]
[EventCountry "VEN"]
[SourceTitle "EXT 2022"]
[Source "ChessBase"]
[SourceDate "2021.10.06"]
[SourceVersion "1"]
[SourceVersionDate "2021.10.06"]
[SourceQuality "1"]

1. d4 Nf6 2. c4 c5 3. Nf3 g6 4. Nc3 Bg7 5. Bg5 cxd4 6. Nxd4 Qb6 7. Nb3 0-0 8. e3 Nc6 9. Be2 d6 10. Bxf6 Bxf6 11. Nd5 Qd8 12. Nxf6+ exf6 13. 0-0 Be6 14. Rc1 Rc8 15. Nd4 a6 16. Qb3 Nxd4 17. exd4 Qc7 18. Qg3 Rfe8 19. Bg4 b5 20. Bxe6 Rxe6 21. c5 Re4 22. Rfd1 Qe7 1-0